| 000 | nam a22 a 4500 | ||
|---|---|---|---|
| 999 |
_c2564 _d2564 |
||
| 003 | AKMAL | ||
| 005 | 20170517112411.0 | ||
| 008 | 170517 1977 nju 000 eng d | ||
| 020 | _a0130009687 | ||
| 039 | 9 |
_a201603091521 _baznah |
|
| 040 | _aAKMAL | ||
| 082 | _a614.8 THY | ||
| 090 |
_a614.8 _dTHY |
||
| 100 | 1 |
_aThygerson, Alton L _95350 |
|
| 245 | 1 | 0 |
_aAccidents & disasters : _bcauses and counter-measures / _cby Alton L. Thygerson. |
| 260 |
_aEnglewood Cliffs, N.J. : _bPrentice-Hall, _c1977. |
||
| 300 | 0 | 0 |
_a411p. : _bill. _ccm |
| 942 |
_2ddc _cBOOK |
||